[Event "12th Norway Armageddon w"]
[Site "Stavanger NOR"]
[Date "2024.05.27"]
[Round "1.1"]
[White "Ju, Wenjun"]
[Black "Vaishali, Rameshbabu"]
[Result "1-0"]
[WhiteTitle "GM"]
[BlackTitle "GM"]
[WhiteElo "2559"]
[BlackElo "2489"]
[WhiteFideId "8603006"]
[BlackFideId "5091756"]
[EventDate "2024.05.27"]

1. d4 Nf6 2. Nf3 g6 3. Nc3 d5 4. Bf4 Bg7 5. Nb5 Na6 6. e3 O-O 7. h3 Ne4 8. Be2
c6 9. Nc3 Qa5 10. O-O Nxc3 11. bxc3 Qxc3 12. Rb1 Qa5 13. c4 dxc4 14. Bxc4 b5 15.
Bb3 Bb7 16. Rc1 Rac8 17. Ng5 e6 18. Ne4 Rcd8 19. Bg5 f6 20. Bf4 Kh8 21. Nd6 Qc7
22. Nxb7 Qxb7 23. Bxe6 c5 24. Qb3 cxd4 25. exd4 Rxd4 26. Be3 Rd6 27. Rfd1 Rxd1+
28. Rxd1 Nb8 29. Bd5 Qd7 30. Bf3 Qc7 31. Qxb5 f5 32. Rc1 Qf7 33. Bd5 Qf6 34.
Bxa7 Qe5 35. a4 Rd8 36. Bc4 Qf4 37. Be3 Qe4 38. Bf1 f4 39. Bb6 Rg8 40. a5 f3 41.
g3 Bd4 42. Qc4 Bxf2+ 43. Bxf2 1-0

[Event "12th Norway Armageddon w"]
[Site "Stavanger NOR"]
[Date "2024.05.27"]
[Round "1.2"]
[White "Muzychuk, Anna"]
[Black "Lei, Tingjie"]
[Result "0-1"]
[WhiteTitle "GM"]
[BlackTitle "GM"]
[WhiteElo "2505"]
[BlackElo "2548"]
[WhiteFideId "14111330"]
[BlackFideId "8605114"]
[EventDate "2024.05.27"]

1. e4 e6 2. d4 d5 3. Nd2 c5 4. Ngf3 cxd4 5. Nxd4 Nf6 6. e5 Nfd7 7. N2f3 Nc6 8.
Bf4 Be7 9. Bb5 Qb6 10. c3 Nc5 11. Qc2 Bd7 12. Be2 Nxd4 13. Nxd4 O-O 14. O-O Rac8
15. Be3 a5 16. a4 Qc7 17. f4 f6 18. exf6 Bxf6 19. Nb5 Qb8 20. Rae1 Kh8 21. Qd1
b6 22. Bd4 Ne4 23. g3 e5 24. fxe5 Bxe5 25. Bg4 Bxb5 26. axb5 Rcd8 27. Bf5 Bxd4+
28. Qxd4 Nxg3 29. Re7 Rf7 30. Rxf7 Ne2+ 31. Kg2 Nxd4 32. cxd4 Rf8 33. Bd7 Rxf7
34. Rxf7 Qd6 35. Bf5 g6 36. Bd7 Qb4 37. Rf2 Qxd4 38. Be6 Qe4+ 0-1

[Event "12th Norway Armageddon w"]
[Site "Stavanger NOR"]
[Date "2024.05.27"]
[Round "1.3"]
[White "Cramling, Pia"]
[Black "Koneru, Humpy"]
[Result "1/2-1/2"]
[WhiteTitle "GM"]
[BlackTitle "GM"]
[WhiteElo "2449"]
[BlackElo "2545"]
[WhiteFideId "1700030"]
[BlackFideId "5008123"]
[EventDate "2024.05.27"]

1. d4 Nf6 2. c4 e6 3. Nc3 d5 4. Bg5 Nbd7 5. e3 Be7 6. Nf3 h6 7. Bh4 O-O 8. Rc1
c5 9. dxc5 dxc4 10. c6 Nb6 11. Qxd8 Rxd8 12. Ne5 Bb4 13. a3 Bxc3+ 14. Rxc3 g5
15. Bg3 Ne4 16. Rc1 bxc6 17. f3 Nxg3 18. hxg3 Kg7 19. Nxc6 Rd5 20. Be2 Bd7 21.
Nb4 Rb5 22. Rc2 Rc8 23. Kf2 a5 24. Na2 Na4 25. Rb1 Rb3 26. Bxc4 Rxb2 27. Rbxb2
Nxb2 28. Bb3 Rxc2+ 29. Bxc2 Nc4 30. a4 Nb6 31. Nc3 Kf6 32. f4 Ke7 33. Ke2 Kd6
34. Ne4+ Ke7 35. Nc5 Bc6 36. Kd3 Bxg2 37. Kd4 Bc6 38. e4 gxf4 39. gxf4 f6 40.
Bd1 Kd6 41. e5+ fxe5+ 42. fxe5+ Ke7 43. Bg4 Nxa4 44. Nb3 Bd5 45. Nxa5 Nb6 46.
Kc5 Nd7+ 47. Kd4 Kd8 48. Bd1 Ke7 49. Nb3 Bxb3 50. Bxb3 Nxe5 51. Kxe5 1/2-1/2

[Event "12th Norway Armageddon w"]
[Site "Stavanger NOR"]
[Date "2024.05.28"]
[Round "2.2"]
[White "Lei, Tingjie"]
[Black "Cramling, Pia"]
[Result "1-0"]
[WhiteTitle "GM"]
[BlackTitle "GM"]
[WhiteElo "2548"]
[BlackElo "2449"]
[WhiteFideId "8605114"]
[BlackFideId "1700030"]
[EventDate "2024.05.27"]

1. e4 c5 2. Nf3 Nc6 3. d4 cxd4 4. Nxd4 e5 5. Nb5 d6 6. c4 Be7 7. Be2 Be6 8. Be3
a6 9. N5c3 Bg5 10. Nd5 Bxe3 11. Nxe3 Nge7 12. Nc3 Nd4 13. O-O O-O 14. Bd3 Rc8
15. Rc1 h6 16. a3 Qa5 17. Ne2 Nxe2+ 18. Bxe2 Rfd8 19. Bg4 Bxg4 20. Qxg4 b5 21.
cxb5 Qxb5 22. Rxc8 Rxc8 23. Nd5 Re8 24. Nc7 Qc6 25. Nxe8 Qxe8 26. Rd1 Qc6 27. g3
Ng6 28. Qf3 Nf8 29. Qc3 Qxe4 30. Rxd6 Ne6 31. Qd3 Qe1+ 32. Kg2 e4 33. Qd2 Qb1
34. h4 a5 35. Rc6 Kh7 36. Qc2 Qe1 37. Rc4 f5 38. Rc8 Nd4 39. Qc4 Qd1 40. Qg8+
Kg6 41. Qe8+ Kh7 42. Qg8+ Kg6 43. Rc3 a4 44. Qe8+ Kh7 45. h5 1-0

[Event "12th Norway Armageddon w"]
[Site "Stavanger NOR"]
[Date "2024.05.28"]
[Round "2.3"]
[White "Ju, Wenjun"]
[Black "Muzychuk, Anna"]
[Result "1-0"]
[WhiteTitle "GM"]
[BlackTitle "GM"]
[WhiteElo "2559"]
[BlackElo "2505"]
[WhiteFideId "8603006"]
[BlackFideId "14111330"]
[EventDate "2024.05.27"]

1. e4 e5 2. Bc4 Nf6 3. d3 Nc6 4. Nc3 Bb4 5. Nf3 d6 6. O-O Bxc3 7. bxc3 Na5 8.
Bb3 h6 9. Re1 O-O 10. h3 c5 11. Nd2 Be6 12. c4 Nc6 13. Nf1 Kh8 14. Ng3 Ng8 15.
f4 f6 16. f5 Bc8 17. Nh5 Qe8 18. Re3 Nge7 19. Rg3 Rf7 20. Bd2 a5 21. c3 Nxf5 22.
exf5 Bxf5 23. Qf3 Qd7 24. Rf1 Ne7 25. Nxg7 Rxg7 26. Rxg7 Kxg7 27. g4 Bg6 28.
Qxf6+ Kh7 29. Ba4 Nc6 30. Qh4 Qg7 31. Rf6 Rf8 32. Bxh6 Qxf6 33. Bg5+ Kg7 34.
Bxf6+ Rxf6 35. Bxc6 bxc6 36. Qg3 e4 37. dxe4 Bxe4 38. h4 Re6 39. h5 Bb1 40. Qf2
Bd3 41. g5 Bxc4 42. h6+ Kg6 43. Qf8 Re1+ 44. Kg2 Re2+ 45. Kf3 Re5 46. Qg7+ Kh5
47. Qxe5 dxe5 48. h7 1-0

[Event "12th Norway Armageddon w"]
[Site "Stavanger NOR"]
[Date "2024.05.29"]
[Round "3.1"]
[White "Muzychuk, Anna"]
[Black "Vaishali, Rameshbabu"]
[Result "1/2-1/2"]
[WhiteTitle "GM"]
[BlackTitle "GM"]
[WhiteElo "2505"]
[BlackElo "2489"]
[WhiteFideId "14111330"]
[BlackFideId "5091756"]
[EventDate "2024.05.27"]

1. e4 e5 2. Nf3 Nc6 3. Bb5 a6 4. Bxc6 dxc6 5. O-O Qf6 6. d4 exd4 7. Bg5 Qd6 8.
Nxd4 Be7 9. Bxe7 Nxe7 10. Nc3 Bd7 11. Nb3 Qxd1 12. Raxd1 b6 13. f4 c5 14. Nd2
O-O-O 15. Nc4 Be6 16. Ne3 f6 17. Rxd8+ Rxd8 18. Rd1 Rd4 19. f5 Bf7 20. Kf2 Nc6
21. g4 Ne5 22. h3 c6 23. b3 Kc7 24. Ng2 h5 25. Kg3 hxg4 26. hxg4 g5 27. fxg6
Bxg6 28. Kf4 Kd6 29. Nh4 Ke6 30. Nf5 Bxf5 31. gxf5+ Kd6 32. Ke3 Ng4+ 33. Kf3
Ne5+ 34. Kf4 a5 35. a4 Ke7 36. Ke3 Ng4+ 37. Ke2 Ne5 38. Rh1 c4 39. Ke3 Rd7 40.
Rh7+ Kd6 41. Rxd7+ Kxd7 42. Ne2 Kd6 43. Kd4 cxb3 44. cxb3 Nf3+ 45. Ke3 Ne5 46.
Kd4 Nf3+ 47. Ke3 Ne5 48. Nf4 b5 49. Nh5 Nd7 50. Kd4 c5+ 51. Kd3 bxa4 52. bxa4
Ke5 53. Kc4 Kxe4 54. Kb5 Kxf5 55. Kxa5 c4 56. Kb4 Ke6 57. Kxc4 Kd6 58. Kb5 Kc7
59. Nf4 Kb7 60. a5 Ka7 61. Ne6 f5 62. Nf4 Ne5 63. Nd5 Nd7 64. Ne7 f4 65. Nc6+
Kb7 66. a6+ Ka8 67. Nd4 Nb8 68. Kb6 Nxa6 69. Kxa6 f3 70. Nxf3 1/2-1/2

[Event "12th Norway Armageddon w"]
[Site "Stavanger NOR"]
[Date "2024.05.29"]
[Round "3.2"]
[White "Cramling, Pia"]
[Black "Ju, Wenjun"]
[Result "1/2-1/2"]
[WhiteTitle "GM"]
[BlackTitle "GM"]
[WhiteElo "2449"]
[BlackElo "2559"]
[WhiteFideId "1700030"]
[BlackFideId "8603006"]
[EventDate "2024.05.27"]

1. d4 Nf6 2. c4 e6 3. Nc3 d5 4. Bg5 Be7 5. e3 O-O 6. Nf3 h6 7. Bxf6 Bxf6 8. Qd2
dxc4 9. Ne4 Nd7 10. Bxc4 b6 11. O-O Bb7 12. Nc3 Bxf3 13. gxf3 c5 14. d5 Bxc3 15.
bxc3 Ne5 16. Be2 Qxd5 17. Qxd5 exd5 18. Rfd1 Rad8 19. f4 Nc6 20. Bf3 Ne7 21. a4
Rd6 22. a5 Rfd8 23. axb6 axb6 24. Ra7 Kf8 25. Rb7 R8d7 26. Rb8+ Rd8 27. Rxd8+
Rxd8 28. Rb1 Rd6 29. Ra1 f5 30. Ra8+ Kf7 31. Rb8 g5 32. fxg5 hxg5 33. Bd1 Kf6
34. Bc2 Ng6 35. Kf1 f4 36. Ke2 fxe3 37. fxe3 Ne5 38. Rh8 Nc4 39. Rf8+ Ke7 40.
Rf5 Re6 41. e4 Nd6 42. Rxd5 Nxe4 43. Kd3 Kf6 44. Kc4 Nd6+ 45. Kb3 Nf7 46. Rf5+
Ke7 47. Rf2 Ne5 48. Rg2 Kf6 49. Be4 b5 50. Bd5 Rd6 51. Rf2+ Ke7 52. Be4 Nc4 53.
Kc2 Ne3+ 54. Kb3 Nc4 55. Kc2 Ne3+ 56. Kc1 Rd1+ 57. Kb2 Re1 58. Bc2 Nxc2 59. Kxc2
b4 60. cxb4 cxb4 61. Rf5 Re2+ 62. Kb3 Rxh2 63. Rxg5 1/2-1/2

[Event "12th Norway Armageddon w"]
[Site "Stavanger NOR"]
[Date "2024.05.29"]
[Round "3.3"]
[White "Koneru, Humpy"]
[Black "Lei, Tingjie"]
[Result "1-0"]
[WhiteTitle "GM"]
[BlackTitle "GM"]
[WhiteElo "2545"]
[BlackElo "2548"]
[WhiteFideId "5008123"]
[BlackFideId "8605114"]
[EventDate "2024.05.27"]

1. d4 d5 2. Nf3 Nf6 3. Bg5 Ne4 4. Bh4 h5 5. Nfd2 g5 6. Nxe4 gxh4 7. Ned2 Bf5 8.
e3 e6 9. Nf3 Rg8 10. Rg1 Nd7 11. Bd3 Bg6 12. g3 Bxd3 13. Qxd3 hxg3 14. hxg3 Qf6
15. Nbd2 O-O-O 16. O-O-O Be7 17. Rh1 Qg6 18. Rh3 Bd6 19. Rdh1 Nf6 20. Qe2 Rh8
21. Nh4 Qg4 22. Qf1 Rdg8 23. Ng2 Qf5 24. Qe2 Ng4 25. Nf4 Bxf4 26. exf4 Nf6 27.
Nf3 Ne4 28. Ne5 Nf6 29. a4 Rg7 30. b3 Qe4 31. Qxe4 dxe4 32. Kd2 c6 33. c4 Kc7
34. Ke3 a5 35. Rh4 Rd8 36. c5 Rb8 37. Nc4 Rd8 38. Nd2 Ng4+ 39. Ke2 Rxd4 40. Rxh5
Nxf2 41. Rh7 Nxh1 42. Rxg7 Rd3 43. Rxf7+ Kc8 44. Nxe4 Rxb3 45. Nd6+ Kd8 46. g4
Ng3+ 47. Kf2 b6 48. cxb6 Nh1+ 49. Kg2 1-0

[Event "12th Norway Armageddon w"]
[Site "Stavanger NOR"]
[Date "2024.05.30"]
[Round "4.3"]
[White "Lei, Tingjie"]
[Black "Ju, Wenjun"]
[Result "0-1"]
[WhiteTitle "GM"]
[BlackTitle "GM"]
[WhiteElo "2548"]
[BlackElo "2559"]
[WhiteFideId "8605114"]
[BlackFideId "8603006"]
[EventDate "2024.05.27"]

1. d4 Nf6 2. Nc3 d5 3. Bf4 Bf5 4. e3 e6 5. Bd3 Bxd3 6. cxd3 Bd6 7. Qb3 b6 8.
Bxd6 Qxd6 9. Nf3 O-O 10. O-O a6 11. e4 Qc6 12. Rac1 Qb7 13. Rfe1 Nbd7 14. a4 c5
15. dxc5 Nxc5 16. Qc2 dxe4 17. dxe4 Rfd8 18. e5 Nd5 19. Ng5 g6 20. Nce4 Nb4 21.
Nf6+ Kg7 22. Qc4 Nbd3 23. Qh4 h6 24. Ng4 h5 25. Nf6 Nxe1 26. Rxe1 Nd3 27. Rf1
Nxe5 28. Nge4 Ng4 29. Nxg4 hxg4 30. Qf6+ Kg8 31. Qe5 f5 32. Nf6+ Kf7 33. Re1 Qe7
34. Nh7 Rh8 35. Ng5+ Qxg5 36. Qxe6+ Kg7 37. Qxb6 Kh6 38. b4 Rhe8 39. Rf1 Rab8
40. Qc5 Rec8 41. Qd6 Rb7 42. Qxa6 Rbc7 43. a5 Rc1 44. g3 Rxf1+ 45. Kxf1 Qc1+ 46.
Kg2 Qc6+ 0-1

[Event "12th Norway Armageddon w"]
[Site "Stavanger NOR"]
[Date "2024.06.01"]
[Round "5.1"]
[White "Vaishali, Rameshbabu"]
[Black "Lei, Tingjie"]
[Result "1-0"]
[WhiteTitle "GM"]
[BlackTitle "GM"]
[WhiteElo "2489"]
[BlackElo "2548"]
[WhiteFideId "5091756"]
[BlackFideId "8605114"]
[EventDate "2024.05.27"]

1. e4 e5 2. Nf3 Nc6 3. Nc3 Nf6 4. Bb5 Bd6 5. d3 O-O 6. Ba4 Bc5 7. h3 Re8 8. Bg5
Be7 9. Qd2 d6 10. O-O Bd7 11. Nh2 a6 12. f4 exf4 13. Qxf4 Nd4 14. Bxd7 Qxd7 15.
Qh4 Qe6 16. Bxf6 Bxf6 17. Rxf6 Qxf6 18. Qxf6 gxf6 19. Nd5 Kg7 20. Nxc7 Nxc2 21.
Rd1 Nd4 22. Ng4 f5 23. Ne3 Rac8 24. Nxe8+ Rxe8 25. Kf2 Kg6 26. exf5+ Nxf5 27.
Nd5 Nd4 28. Nf4+ Kf5 29. g3 Rc8 30. Ke3 Ke5 31. Rd2 Rg8 32. g4 f5 33. Rg2 fxg4
34. hxg4 Ne6 35. Ne2 d5 36. d4+ Kd6 37. Ng3 Kd7 38. Nh5 Ke7 39. Rg1 Rc8 40. Rg2
Rc1 41. Ng3 Re1+ 42. Kd2 Ra1 43. Nf5+ Kf6 44. a3 Rb1 45. Ke3 Re1+ 46. Kd2 Re4
47. Kc3 h5 48. Ng3 Rxg4 49. Nxh5+ Kg5 50. Rxg4+ Kxg4 51. Nf6+ Kf5 52. Nxd5 Ke4
53. Nf6+ Kf5 54. Ne8 Ke4 55. Nf6+ Kf5 56. Ne8 Ke4 57. Nd6+ Kd5 58. Nf5 Ke4 59.
Ng3+ Kd5 60. Ne2 a5 61. Kd3 Nc7 62. Nc3+ Kc6 63. a4 Na6 64. Kc4 Nc7 65. d5+ Kb6
66. d6 Na6 67. Kd5 Nb4+ 68. Ke6 Kc6 69. d7 Kc7 70. Ke7 Nc6+ 71. Ke8 Kb6 72. Nb5
Kc5 73. Na7 Nxa7 74. d8=Q Nc6 75. Qg5+ Kb4 76. Qb5# 1-0

[Event "12th Norway Armageddon w"]
[Site "Stavanger NOR"]
[Date "2024.06.01"]
[Round "5.2"]
[White "Ju, Wenjun"]
[Black "Koneru, Humpy"]
[Result "1-0"]
[WhiteTitle "GM"]
[BlackTitle "GM"]
[WhiteElo "2559"]
[BlackElo "2545"]
[WhiteFideId "8603006"]
[BlackFideId "5008123"]
[EventDate "2024.05.27"]

1. d4 d5 2. c4 dxc4 3. Nf3 Nf6 4. Qa4+ Nbd7 5. Nc3 c6 6. Qxc4 Qc7 7. e4 e5 8.
dxe5 Nxe5 9. Nxe5 Qxe5 10. f4 Qc5 11. Qxc5 Bxc5 12. e5 Nd5 13. Nxd5 cxd5 14. Bd3
O-O 15. Bd2 f6 16. exf6 Rxf6 17. O-O-O Bf5 18. Bxf5 Rxf5 19. Rhe1 Rc8 20. Kb1
Kf7 21. g4 Rf6 22. f5 Rb6 23. Re2 d4 24. Bf4 g6 25. fxg6+ Rxg6 26. h3 Rf6 27.
Be5 Rf3 28. Rc2 Rc6 29. Bxd4 Bxd4 30. Rxc6 bxc6 31. Rxd4 Rxh3 32. Rd7+ Ke6 33.
Rxa7 Rh4 34. Rg7 h5 35. gxh5 Rxh5 36. a4 Kd6 37. Ka2 Kc5 38. Rb7 Rh3 39. a5 Kd6
40. a6 Rh8 41. a7 Ra8 42. b4 Kd5 43. Kb3 Kd4 44. Ka4 Kc3 45. Ka5 Kc4 46. Ka6 Kb3
47. Rb8 Rxa7+ 48. Kxa7 Kc4 49. Kb6 Kxb4 50. Kxc6+ Kc4 51. Rb5 Kd4 52. Rc5 Ke4
53. Kd6 Kd4 54. Re5 Kc4 55. Kc6 Kb4 56. Re4+ Ka5 57. Kc5 Ka6 58. Rb4 Ka5 59. Rb1
Ka4 60. Rb2 Ka3 61. Rb4 Ka2 62. Kc4 Ka3 63. Rb1 Ka2 64. Rb3 1-0

[Event "12th Norway Armageddon w"]
[Site "Stavanger NOR"]
[Date "2024.06.02"]
[Round "6.2"]
[White "Lei, Tingjie"]
[Black "Muzychuk, Anna"]
[Result "0-1"]
[WhiteTitle "GM"]
[BlackTitle "GM"]
[WhiteElo "2548"]
[BlackElo "2505"]
[WhiteFideId "8605114"]
[BlackFideId "14111330"]
[EventDate "2024.05.27"]

1. c4 c5 2. Nf3 Nf6 3. Nc3 Nc6 4. d4 cxd4 5. Nxd4 e6 6. g3 Qb6 7. Ndb5 Ne5 8.
Bg2 a6 9. Qa4 Rb8 10. Na3 Bxa3 11. Qxa3 Nxc4 12. Qb3 Qxb3 13. axb3 Ne5 14. Bf4
d6 15. O-O-O Ke7 16. Rxd6 Ng6 17. Rd8 Rxd8 18. Bxb8 Bd7 19. Ba7 Bc6 20. f3 Nd5
21. Bc5+ Ke8 22. h4 Rc8 23. Bd4 f6 24. Kb1 Nge7 25. Bh3 Bd7 26. e4 Nxc3+ 27.
Bxc3 e5 28. Bg2 Be6 29. f4 Nc6 30. b4 Bb3 31. fxe5 Nxe5 32. Bf1 Rd8 33. Be2 Bc4
34. Bxc4 Nxc4 35. Kc2 Ke7 36. Re1 Ke6 37. g4 h6 38. g5 hxg5 39. hxg5 fxg5 40.
Rg1 g4 41. Kb3 Nd2+ 42. Bxd2 Rxd2 43. Rxg4 Rd7 44. Rg5 Kf6 45. Rf5+ Ke6 46. b5
g6 47. Rc5 axb5 48. Rxb5 Kf6 49. Rb6+ Kf7 50. e5 Re7 51. Rb5 g5 52. Kc4 g4 53.
Kd4 Kg6 54. Ke4 Kg5 55. Rd5 g3 56. Rd8 Kg4 57. Rg8+ Kh3 58. Kf5 Rf7+ 59. Ke6 Rf2
60. Rh8+ Kg4 61. Kd6 Rxb2 62. e6 Rd2+ 63. Ke5 Re2+ 64. Kd5 g2 65. Rg8+ Kf3 66.
Kd6 Kf2 67. Rf8+ Ke1 68. Rg8 Kf1 69. e7 Rxe7 70. Kxe7 g1=Q 0-1

[Event "12th Norway Armageddon w"]
[Site "Stavanger NOR"]
[Date "2024.06.02"]
[Round "6.3"]
[White "Koneru, Humpy"]
[Black "Cramling, Pia"]
[Result "1/2-1/2"]
[WhiteTitle "GM"]
[BlackTitle "GM"]
[WhiteElo "2545"]
[BlackElo "2449"]
[WhiteFideId "5008123"]
[BlackFideId "1700030"]
[EventDate "2024.05.27"]

1. d4 Nf6 2. c4 e6 3. Bf4 b6 4. a3 Bb7 5. e3 d5 6. Nf3 Bd6 7. Bg5 dxc4 8. Nc3
Nbd7 9. Bxc4 Be7 10. Rc1 O-O 11. O-O Ne4 12. Nxe4 Bxe4 13. Bxe7 Qxe7 14. Bb5 Qd8
15. Qe2 Rc8 16. Rfd1 c6 17. Ba4 b5 18. Bc2 Bxf3 19. Qxf3 Qb6 20. b4 a5 21. Be4
axb4 22. axb4 Nb8 23. Rc3 Qc7 24. Rdc1 Qd6 25. Rc5 g6 26. h4 Na6 27. Rxc6 Qd7
28. h5 f5 29. Rxc8 Rxc8 30. Rxc8+ Qxc8 31. Bc6 Nxb4 32. Bxb5 Nd5 33. Qg3 f4 34.
exf4 Qc1+ 35. Kh2 Qxf4 36. Qxf4 Nxf4 37. hxg6 hxg6 38. Kg3 Nh5+ 39. Kg4 Kg7 40.
Bc4 Kf6 41. f4 Ng7 42. Bd3 Ne8 43. Kf3 g5 44. fxg5+ Kxg5 45. Ke4 Kf6 46. Be2
Nd6+ 47. Kf4 Nf5 48. Ke4 Nd6+ 49. Kd3 Kf5 50. Bf3 Kf4 51. Ke2 Nf5 52. Kd3 Nd6
53. Kc3 Ke3 54. Bg4 Nb5+ 55. Kc4 Nxd4 56. Kc5 e5 57. Kd5 e4 58. Bh5 Kf4 59. Kxd4
Kg3 60. Kxe4 Kxg2 1/2-1/2

[Event "12th Norway Armageddon w"]
[Site "Stavanger NOR"]
[Date "2024.06.03"]
[Round "7.2"]
[White "Cramling, Pia"]
[Black "Lei, Tingjie"]
[Result "0-1"]
[WhiteTitle "GM"]
[BlackTitle "GM"]
[WhiteElo "2449"]
[BlackElo "2548"]
[WhiteFideId "1700030"]
[BlackFideId "8605114"]
[EventDate "2024.05.27"]

1. d4 Nf6 2. c4 c6 3. Nc3 d5 4. Nf3 dxc4 5. a4 Bf5 6. e3 e6 7. Bxc4 Bb4 8. O-O
O-O 9. h3 Nbd7 10. Nh4 Bg6 11. Nxg6 hxg6 12. Qc2 a5 13. Rd1 Qe7 14. Bd2 Rac8 15.
Be1 Rfd8 16. Rac1 c5 17. d5 Nb6 18. b3 exd5 19. Be2 d4 20. Nb5 dxe3 21. Rxd8+
Rxd8 22. Bf3 exf2+ 23. Qxf2 Nbd5 24. Bxb4 cxb4 25. Rd1 Nc3 26. Rxd8+ Qxd8 27.
Qe3 Nxb5 28. axb5 b6 29. Kh1 Nd7 30. Qd2 Qe7 31. Bd5 Nc5 32. Bc4 Qf6 33. Qe1 Qd8
34. Qe2 Qd7 35. h4 Kh7 36. Qf3 Qf5 37. Qe3 Qf6 38. Qe1 a4 39. bxa4 Nxa4 40. Bd5
Nc5 41. Qxb4 Qa1+ 42. Kh2 Qe5+ 0-1

[Event "12th Norway Armageddon w"]
[Site "Stavanger NOR"]
[Date "2024.06.03"]
[Round "7.3"]
[White "Muzychuk, Anna"]
[Black "Ju, Wenjun"]
[Result "1-0"]
[WhiteTitle "GM"]
[BlackTitle "GM"]
[WhiteElo "2505"]
[BlackElo "2559"]
[WhiteFideId "14111330"]
[BlackFideId "8603006"]
[EventDate "2024.05.27"]

1. e4 e5 2. Nf3 Nc6 3. Bc4 Nf6 4. d3 Bc5 5. Nc3 a6 6. a4 d6 7. h3 h6 8. Be3 Be6
9. Nd2 Bxe3 10. fxe3 d5 11. exd5 Nxd5 12. Nxd5 Bxd5 13. O-O O-O 14. Qg4 Bxc4 15.
Nxc4 Qg5 16. Qd7 Qd8 17. Qf5 Qg5 18. a5 Qxf5 19. Rxf5 f6 20. Raf1 Rad8 21. g4
Rd5 22. Ra1 Nb4 23. Rf2 Rc5 24. Ra4 Nc6 25. c3 Rd5 26. d4 exd4 27. exd4 Re8 28.
Ra1 h5 29. Kg2 hxg4 30. hxg4 Rg5 31. Kf3 f5 32. Rg2 Rf8 33. Kf4 Rxg4+ 34. Rxg4
fxg4+ 35. Kxg4 Rf2 36. Re1 Kf8 37. Rh1 Kg8 38. Rh5 Ne7 39. Rc5 c6 40. b4 Rf6 41.
Ne3 Re6 42. Kf3 Kf7 43. Rh5 Rf6+ 44. Ke4 Rh6 45. Rg5 Rh4+ 46. Kd3 Rh3 47. c4 Kf6
48. Re5 g5 49. Ke2 Rh2+ 50. Kf3 Rd2 51. Ng4+ Kf7 52. Ne3 g4+ 53. Ke4 g3 54. Rg5
Rb2 55. Rxg3 Rxb4 56. Rh3 Ra4 57. Rh7+ Ke6 58. Rh6+ Kd7 59. Rh5 Nc8 60. Rh7+ 1-0

[Event "12th Norway Armageddon w"]
[Site "Stavanger NOR"]
[Date "2024.06.04"]
[Round "8.1"]
[White "Vaishali, Rameshbabu"]
[Black "Muzychuk, Anna"]
[Result "1-0"]
[WhiteTitle "GM"]
[BlackTitle "GM"]
[WhiteElo "2489"]
[BlackElo "2505"]
[WhiteFideId "5091756"]
[BlackFideId "14111330"]
[EventDate "2024.05.27"]

1. e4 e5 2. Nf3 Nc6 3. Nc3 Nf6 4. Bb5 Nd4 5. O-O c6 6. Bc4 d6 7. h3 b5 8. Bb3 a5
9. a3 Nxb3 10. cxb3 Be7 11. d4 Qc7 12. Bg5 h6 13. Bxf6 Bxf6 14. d5 Bb7 15. Rc1
c5 16. Nxb5 Qb6 17. Nc3 Ba6 18. Re1 O-O 19. Na4 Qb7 20. h4 Be7 21. Nc3 Rab8 22.
Rc2 Qxb3 23. h5 f5 24. exf5 Rxf5 25. Nd2 Qb7 26. Nde4 Rbf8 27. Qg4 Qc7 28. Re3
Bg5 29. Nxg5 Rxg5 30. Qe6+ Kh7 31. Ne4 Rxh5 32. Nxd6 Bc8 33. Nxc8 Qxc8 34. Qxc8
Rxc8 35. b4 axb4 36. axb4 e4 37. d6 Rd5 38. Rxe4 Rxd6 39. Rec4 Rd5 40. Rxc5 Rd1+
41. Kh2 Rb8 42. Rb2 Rb6 43. b5 Rd4 44. Kg3 Rdd6 45. Rb4 Rg6+ 46. Kh3 Rgf6 47. f3
Rfd6 48. Kg3 Rf6 49. Kf2 Rfe6 50. Re4 Red6 51. Ree5 Rd4 52. g4 Rb4 53. Kg3 Kg8
54. Re8+ Kh7 55. Ree5 Kg8 56. Kh4 Kh7 57. Kg3 Kg8 58. f4 Kh7 59. f5 1-0

[Event "12th Norway Armageddon w"]
[Site "Stavanger NOR"]
[Date "2024.06.06"]
[Round "9.2"]
[White "Koneru, Humpy"]
[Black "Ju, Wenjun"]
[Result "0-1"]
[WhiteTitle "GM"]
[BlackTitle "GM"]
[WhiteElo "2545"]
[BlackElo "2559"]
[WhiteFideId "5008123"]
[BlackFideId "8603006"]
[EventDate "2024.05.27"]

1. Nf3 d5 2. b3 Nf6 3. Bb2 g6 4. c4 dxc4 5. bxc4 Bg7 6. d4 O-O 7. Nc3 c5 8. e3
cxd4 9. exd4 Bg4 10. Be2 Nc6 11. d5 Bxf3 12. gxf3 Na5 13. Ne4 Rc8 14. Rc1 b6 15.
O-O Nb7 16. Ba3 Nc5 17. Nxc5 bxc5 18. Rb1 Nh5 19. Qd2 Be5 20. Kh1 Qd6 21. Rb7
Bxh2 22. Rxa7 Bf4 23. Qc3 Be5 24. Qe3 Qf6 25. Rg1 Qh4+ 26. Kg2 Bd4 27. Rh1 Qxh1+
28. Kxh1 Bxe3 29. fxe3 Ng3+ 30. Kg2 Nxe2 31. Rxe7 Rfe8 32. Rxe8+ Rxe8 33. Bxc5
Nc3 34. a3 f5 35. Bd4 Nd1 36. e4 fxe4 37. d6 e3 38. Kf1 e2+ 39. Ke1 Ne3 40. Bxe3
Rxe3 41. c5 Kf7 42. c6 Ke8 0-1

[Event "12th Norway Armageddon w"]
[Site "Stavanger NOR"]
[Date "2024.06.06"]
[Round "9.3"]
[White "Cramling, Pia"]
[Black "Muzychuk, Anna"]
[Result "0-1"]
[WhiteTitle "GM"]
[BlackTitle "GM"]
[WhiteElo "2449"]
[BlackElo "2505"]
[WhiteFideId "1700030"]
[BlackFideId "14111330"]
[EventDate "2024.05.27"]

1. d4 d5 2. c4 e6 3. Nf3 Nf6 4. g3 c5 5. cxd5 cxd4 6. Bg2 Nxd5 7. O-O Be7 8.
Nxd4 O-O 9. b3 e5 10. Nb5 Be6 11. Bb2 Nc6 12. N1c3 Nxc3 13. Nxc3 Qa5 14. Bxc6
bxc6 15. Qc2 Rfd8 16. Rfd1 f6 17. Na4 Rxd1+ 18. Rxd1 Rd8 19. Rxd8+ Qxd8 20. Bc1
Qd5 21. Be3 a5 22. f3 Bb4 23. Kf2 h5 24. Nc5 Bxc5 25. Bxc5 a4 26. bxa4 Qxa2 27.
Qg6 Bf7 28. Qe4 Bb3 29. Qxc6 Bxa4 30. Qc8+ Kf7 31. Qb7+ Kg8 32. Qa8+ Kf7 33.
Qb7+ Kg8 34. Qc8+ Kf7 35. Qf5 g6 36. Qd7+ Bxd7 0-1

[Event "12th Norway Armageddon w"]
[Site "Stavanger NOR"]
[Date "2024.06.07"]
[Round "10.1"]
[White "Vaishali, Rameshbabu"]
[Black "Cramling, Pia"]
[Result "1/2-1/2"]
[WhiteTitle "GM"]
[BlackTitle "GM"]
[WhiteElo "2489"]
[BlackElo "2449"]
[WhiteFideId "5091756"]
[BlackFideId "1700030"]
[EventDate "2024.05.27"]

1. d4 Nf6 2. Nf3 d5 3. Bf4 c5 4. e3 Nc6 5. Nbd2 Nh5 6. Be5 f6 7. c4 e6 8. Bg3
cxd4 9. exd4 Nxg3 10. hxg3 g6 11. cxd5 exd5 12. Bd3 Ne7 13. Qe2 Kf7 14. O-O-O
Bf5 15. Kb1 Qd7 16. Ka1 Rc8 17. Rde1 Bxd3 18. Qxd3 Bg7 19. Qb3 Nc6 20. g4 Na5
21. Qa3 Nc4 22. Nxc4 Rxc4 23. g5 h5 24. gxf6 Bxf6 25. Ne5+ Bxe5 26. dxe5 Re8 27.
Qxa7 Qc6 28. Qe3 Kg8 29. f3 Qe6 30. g4 d4 31. Qd3 h4 32. f4 Ra8 33. b3 Rc3 34.
Qd2 Qxb3 35. Qb2 Qd5 36. Rh2 Rca3 37. Rd1 d3 38. e6 Qxe6 39. Kb1 Rxa2 40. Qxa2
Rxa2 41. Rxa2 Qb3+ 42. Kc1 Qc3+ 43. Kb1 Qb3+ 44. Kc1 Qc3+ 1/2-1/2

[Event "12th Norway Armageddon w"]
[Site "Stavanger NOR"]
[Date "2024.06.07"]
[Round "10.2"]
[White "Muzychuk, Anna"]
[Black "Koneru, Humpy"]
[Result "1-0"]
[WhiteTitle "GM"]
[BlackTitle "GM"]
[WhiteElo "2505"]
[BlackElo "2545"]
[WhiteFideId "14111330"]
[BlackFideId "5008123"]
[EventDate "2024.05.27"]

1. e4 e5 2. Nf3 Nc6 3. Bb5 a6 4. Ba4 d6 5. O-O b5 6. Bb3 Na5 7. d4 exd4 8. Re1
Nxb3 9. axb3 Ne7 10. Nxd4 Bb7 11. Nc3 Qd7 12. Nd5 Nc6 13. Nf5 O-O-O 14. Bg5 f6
15. Be3 Re8 16. Bb6 Rxe4 17. Rxe4 Qxf5 18. Re8+ Kd7 19. Nxc7 Ne5 20. Rb8 Qe4 21.
f3 Qc6 22. Ba5 d5 23. Kh1 Ng6 24. Nxd5 Bd6 25. Nb4 Qc5 26. Rxb7+ 1-0